[Event "DVM U16 2014"]
[Site "Magdeburg GER"]
[Date "2014.12.29"]
[Round "6"]
[White "Donath, Johann"]
[Black "Brungs, Sven"]
[Result "1-0"]
[Termination "normal"]
[Board "6.2"]
[WhiteElo "2065"]
[BlackElo "1891"]
[WhiteTeam "BSV 63 Chemie Weißensee"]
[BlackTeam "SG Porz"]
[PlyCount "107"]
[WhiteFideId "24685160"]
[BlackFideId "12946257"]
[EventCountry "GER"]
[EventRounds "7"]
[EventType "team-swiss"]
[EventDate "2014.12.26"]

1. e4 c6 2. d4 d5 3. Nd2 dxe4 4. Nxe4 Nd7 5. Nf3 Ngf6 6. Nxf6+ Nxf6 7. Bc4 Bg4
8. Bxf7+ Kxf7 9. Ne5+ Kg8 10. Nxg4 c5 11. Qe2 Qd5 12. dxc5 h5 13. Nxf6+ exf6
14. O-O Bxc5 15. Rd1 Qf7 16. Re1 Kh7 17. Be3 Bxe3 18. Qxe3 Rhe8 19. Qf3 Rxe1+
20. Rxe1 Re8 21. Rd1 g6 22. g3 Kg7 23. b3 Qc7 24. c4 b6 25. Qd5 Re7 26. b4 a6
27. Rc1 Re5 28. Qd4 a5 29. a3 axb4 30. axb4 Qc6 31. c5 Rd5 32. Qa1 bxc5 33.
bxc5 Rd7 34. Qa5 Rc7 35. Rd1 Rb7 36. Qc3 Rb5 37. Rc1 Rb7 38. h4 Rc7 39. Kh2 Re7
40. Qd4 Rc7 41. Qe3 Qd5 42. Rc2 Qc6 43. Rd2 Qb7 44. Rd8 Re7 45. c6 Qc7 46.
Qxe7+ Qxe7 47. Rd7 Kf7 48. Rxe7+ Kxe7 49. f3 Kd6 50. g4 Kxc6 51. gxh5 gxh5 52.
Kg3 Kd6 53. Kf4 Ke6 54. Ke4 1-0

[Event "DVM U16 2014"]
[Site "Magdeburg GER"]
[Date "2014.12.29"]
[Round "6"]
[White "Niesel, Tobias"]
[Black "Fabiunke, Jakob"]
[Result "1-0"]
[Termination "normal"]
[Board "6.3"]
[WhiteElo "1806"]
[BlackElo "1757"]
[WhiteTeam "SG Porz"]
[BlackTeam "BSV 63 Chemie Weißensee"]
[PlyCount "39"]
[WhiteFideId "12962155"]
[BlackFideId "24686085"]
[EventCountry "GER"]
[EventRounds "7"]
[EventType "team-swiss"]
[EventDate "2014.12.26"]

1. c4 Nf6 2. g3 g6 3. Bg2 Bg7 4. Nc3 O-O 5. e4 d6 6. Nge2 e5 7. O-O Nbd7 8. Rb1
a5 9. a3 Nc5 10. b4 axb4 11. axb4 Nd3 12. Qc2 Nxc1 13. Rfxc1 Nd7 14. d3 f5 15.
Ra1 Rxa1 16. Rxa1 f4 17. f3 fxg3 18. hxg3 c6 19. Qa2 Qb6+ 20. c5+ 1-0

[Event "DVM U16 2014"]
[Site "Magdeburg GER"]
[Date "2014.12.29"]
[Round "6"]
[White "Henke, Georg"]
[Black "Yang, Daniel"]
[Result "0-1"]
[Termination "normal"]
[Board "6.4"]
[WhiteElo "1551"]
[BlackElo "1587"]
[WhiteTeam "BSV 63 Chemie Weißensee"]
[BlackTeam "SG Porz"]
[PlyCount "84"]
[WhiteFideId "24693936"]
[BlackFideId "12946273"]
[EventCountry "GER"]
[EventRounds "7"]
[EventType "team-swiss"]
[EventDate "2014.12.26"]

1. e4 c6 2. d4 d5 3. exd5 cxd5 4. Bd3 Nc6 5. c3 h6 6. Bf4 Nf6 7. Nf3 Bg4 8.
Nbd2 e6 9. O-O Bd6 10. Bg3 O-O 11. Qb3 Rb8 12. Ne5 Qc7 13. f4 Ne7 14. Ndf3 Bf5
15. Qc2 Bxd3 16. Qxd3 Nf5 17. Rae1 b5 18. a3 a5 19. b4 Rfc8 20. Rc1 Ne4 21. Be1
axb4 22. axb4 Qb7 23. Qb1 Ne3 24. Rf2 Nxf2 25. Kxf2 Nc4 26. g4 Qc7 27. g5 Bxe5
28. fxe5 hxg5 29. Nxg5 g6 30. h4 Qe7 31. Kg3 Kg7 32. Kg4 Ne3+ 33. Kf4 Nf5 34.
Bg3 f6 35. exf6+ Qxf6 36. Kg4 Nxg3 37. Kxg3 Rf8 38. Kh2 Qf2+ 39. Kh3 Qe3+ 40.
Kh2 Rf2+ 41. Kh1 Qg3 42. Nxe6+ Kh6 0-1

[Event "DVM U16 2014"]
[Site "Magdeburg GER"]
[Date "2014.12.29"]
[Round "6"]
[White "Geue, Niklas"]
[Black "Engert, Marvin"]
[Result "1/2-1/2"]
[Termination "normal"]
[Board "7.1"]
[WhiteElo "1896"]
[BlackElo "1689"]
[WhiteTeam "USC Magdeburg"]
[BlackTeam "SG Turm Leipzig"]
[PlyCount "72"]
[WhiteFideId "12961043"]
[BlackFideId "12901164"]
[EventCountry "GER"]
[EventRounds "7"]
[EventType "team-swiss"]
[EventDate "2014.12.26"]

1. e4 c5 2. Nf3 Nc6 3. d4 cxd4 4. Nxd4 Nf6 5. Nc3 e5 6. Ndb5 d6 7. Bg5 a6 8.
Na3 b5 9. Nd5 Be7 10. Bxf6 Bxf6 11. c4 b4 12. Nc2 a5 13. g3 O-O 14. h4 Bd7 15.
Bh3 Ra7 16. Kf1 g6 17. Kg2 Bg7 18. h5 Qg5 19. Nde3 Qe7 20. Qd2 Be6 21. Rad1 Nd4
22. b3 f5 23. hxg6 hxg6 24. Nxd4 exd4 25. Nc2 fxe4 26. Bxe6+ Qxe6 27. Nxd4 Qf6
28. Qe3 Raf7 29. Rd2 Qe5 30. Rh4 Re8 31. Rg4 Kh7 32. Rh4+ Kg8 33. Rg4 Kh7 34.
Nc6 Qe6 35. Rh4+ Kg8 36. Nd4 Qe5 1/2-1/2

[Event "DVM U16 2014"]
[Site "Magdeburg GER"]
[Date "2014.12.29"]
[Round "6"]
[White "Storch, Domenic"]
[Black "Fahsel, Nico"]
[Result "1-0"]
[Termination "normal"]
[Board "7.2"]
[WhiteElo "1596"]
[BlackElo "1810"]
[WhiteTeam "SG Turm Leipzig"]
[BlackTeam "USC Magdeburg"]
[PlyCount "61"]
[WhiteFideId "16200470"]
[BlackFideId "1270256"]
[EventCountry "GER"]
[EventRounds "7"]
[EventType "team-swiss"]
[EventDate "2014.12.26"]

1. d4 e6 2. c4 d5 3. Nc3 Be7 4. Nf3 Nf6 5. cxd5 exd5 6. Qc2 O-O 7. Bg5 Nbd7 8.
e3 c6 9. Bd3 h6 10. h4 Ne8 11. O-O-O b5 12. Rdg1 b4 13. Na4 Nb6 14. Nc5 a5 15.
Ne5 f6 16. Bh7+ Kh8 17. Ng6+ Kxh7 18. Nxe7+ Kh8 19. Ng6+ Kg8 20. Nxf8 Kxf8 21.
Bf4 f5 22. f3 Nf6 23. Rd1 Nc4 24. Rd3 Qb6 25. e4 fxe4 26. fxe4 Nxe4 27. Nxe4
dxe4 28. Qxc4 exd3 29. Bd6+ Ke8 30. Re1+ Kd8 31. Qg8+ 1-0

[Event "DVM U16 2014"]
[Site "Magdeburg GER"]
[Date "2014.12.29"]
[Round "6"]
[White "Wagner, Dominik"]
[Black "Hummel, Felician"]
[Result "0-1"]
[Termination "normal"]
[Board "7.3"]
[WhiteElo "1833"]
[BlackElo "1627"]
[WhiteTeam "USC Magdeburg"]
[BlackTeam "SG Turm Leipzig"]
[PlyCount "116"]
[WhiteFideId "12957380"]
[BlackFideId "16200489"]
[EventCountry "GER"]
[EventRounds "7"]
[EventType "team-swiss"]
[EventDate "2014.12.26"]

1. e4 e6 2. d4 d5 3. Nc3 Nf6 4. Bg5 Be7 5. e5 Nfd7 6. h4 a6 7. Bxe7 Qxe7 8. Qg4
O-O 9. Bd3 c5 10. Nf3 f5 11. Qf4 c4 12. Be2 b5 13. h5 Nb6 14. Nh4 Qf7 15. Kd2
b4 16. Nd1 Nc6 17. Ne3 a5 18. c3 Na4 19. Rhb1 Rb8 20. Bd1 bxc3+ 21. bxc3 Nb2
22. Be2 Bd7 23. Nd1 Na4 24. Ke1 Na7 25. Qc1 Nb5 26. Qc2 Na3 27. Qc1 Nxb1 28.
Rxb1 Rxb1 29. Qxb1 Qe7 30. g3 Qd8 31. Qb7 Rf7 32. Ng2 Qb6 33. Qxb6 Nxb6 34. g4
g6 35. g5 Be8 36. Nf4 Re7 37. Ne3 Nd7 38. Kd2 Nf8 39. Nexd5 exd5 40. Nxd5 Rb7
41. Nf6+ Kf7 42. Bxc4+ Ke7 43. hxg6 hxg6 44. d5 Rb2+ 45. Ke3 Bb5 46. d6+ Kd8
47. e6 Nxe6 48. Bxe6 Re2+ 49. Kd4 Rxe6 50. Kc5 Bd7 51. Kd5 Re2 52. c4 Rxf2 53.
c5 Rxa2 54. Nxd7 Kxd7 55. c6+ Kd8 56. Ke6 Re2+ 57. Kf7 f4 58. Kxg6 f3 0-1

[Event "DVM U16 2014"]
[Site "Magdeburg GER"]
[Date "2014.12.29"]
[Round "6"]
[White "Buschmann, Johannes"]
[Black "Hoang, Viet Long"]
[Result "1-0"]
[Termination "normal"]
[Board "7.4"]
[WhiteElo "1383"]
[BlackElo "1648"]
[WhiteTeam "SG Turm Leipzig"]
[BlackTeam "USC Magdeburg"]
[PlyCount "109"]
[WhiteFideId "16200497"]
[BlackFideId "12964824"]
[EventCountry "GER"]
[EventRounds "7"]
[EventType "team-swiss"]
[EventDate "2014.12.26"]

1. e4 e5 2. f4 d6 3. Nf3 Nc6 4. Bc4 Nf6 5. Nc3 Be7 6. O-O Bg4 7. Qe1 exf4 8.
Bb3 Ne5 9. Qf2 Nxf3+ 10. gxf3 Bh3 11. Re1 Nd7 12. Qe2 Bh4 13. Rd1 g5 14. d4 g4
15. Bxf4 gxf3 16. Qxf3 Rg8+ 17. Bg3 Qf6 18. Rd3 Bxg3 19. hxg3 Be6 20. Nd5 Qxf3
21. Rxf3 Bxd5 22. Bxd5 O-O-O 23. Bxf7 Rg4 24. Re1 Rf8 25. Kg2 Rg5 26. Ref1 Kd8
27. Be6 Re8 28. Bxd7 Kxd7 29. Rf7+ Re7 30. Rxe7+ Kxe7 31. Rf5 Rg6 32. Rh5 h6
33. Kf3 Ke6 34. Kf4 c6 35. g4 Kf7 36. Rf5+ Ke7 37. c4 b6 38. b4 a6 39. a4 Kd7
40. Rf7+ Kc8 41. e5 dxe5+ 42. dxe5 Kd8 43. Rf6 Rxf6+ 44. exf6 Ke8 45. Ke5 Kf7
46. Kf5 c5 47. bxc5 bxc5 48. a5 Kg8 49. Kg6 h5 50. gxh5 Kh8 51. Kf5 Kg8 52. Ke6
Kf8 53. f7 Kg7 54. Ke7 Kh7 55. h6 1-0

[Event "DVM U16 2014"]
[Site "Magdeburg GER"]
[Date "2014.12.29"]
[Round "6"]
[White "Feyer, Leon"]
[Black "Chittka, Julius"]
[Result "0-1"]
[Termination "normal"]
[Board "8.2"]
[WhiteElo "1824"]
[BlackElo "1962"]
[WhiteTeam "SV Empor Berlin"]
[BlackTeam "VfSuF Düsseldorf-Süd"]
[PlyCount "108"]
[WhiteFideId "12957240"]
[BlackFideId "12954772"]
[EventCountry "GER"]
[EventRounds "7"]
[EventType "team-swiss"]
[EventDate "2014.12.26"]

1. e4 c5 2. Nf3 Nc6 3. d4 cxd4 4. Nxd4 g6 5. Be3 Bg7 6. c3 Nf6 7. Nd2 O-O 8.
Bb5 a6 9. Ba4 Ne5 10. O-O d5 11. exd5 Nxd5 12. Bg5 b5 13. Bc2 Qc7 14. N4f3 Bb7
15. Bh4 Nxf3+ 16. Nxf3 Rfd8 17. Qe2 Rac8 18. Be4 Qf4 19. Bxd5 Bxd5 20. Bg3 Bxf3
21. gxf3 Qg5 22. Rad1 e6 23. Qe3 Qf6 24. Qb6 e5 25. Qxf6 Bxf6 26. Rfe1 Rxd1 27.
Rxd1 Rc6 28. Kf1 Kf8 29. Rd7 Ke8 30. Ra7 h5 31. h3 Re6 32. Ke2 Bg5 33. Kd3 f5
34. Bh2 Rd6+ 35. Kc2 f4 36. Kb3 Be7 37. a4 Rb6 38. axb5 Rxb5+ 39. Kc2 Rb6 40.
b4 Kf7 41. Kd3 Ke6 42. Ke4 g5 43. Ra8 Rc6 44. Ra7 Rxc3 45. Rxa6+ Bd6 46. b5 Rc5
47. Ra8 Rxb5 48. Rh8 Rb4+ 49. Kd3 h4 50. Rh6+ Kd5 51. Rg6 Be7 52. Kc2 Ra4 53.
Kb2 e4 54. Rg7 Bf6+ 0-1

[Event "DVM U16 2014"]
[Site "Magdeburg GER"]
[Date "2014.12.29"]
[Round "6"]
[White "Surguchov, Alexander"]
[Black "Denkert, Anna"]
[Result "1-0"]
[Termination "normal"]
[Board "8.3"]
[WhiteElo "1748"]
[BlackElo "1716"]
[WhiteTeam "VfSuF Düsseldorf-Süd"]
[BlackTeam "SV Empor Berlin"]
[PlyCount "107"]
[WhiteFideId "1272035"]
[BlackFideId "12938122"]
[EventCountry "GER"]
[EventRounds "7"]
[EventType "team-swiss"]
[EventDate "2014.12.26"]

1. d4 Nf6 2. Bf4 d5 3. e3 c5 4. c3 Nc6 5. Nd2 Bf5 6. Ngf3 e6 7. Be2 Qb6 8. Qb3
c4 9. Qxb6 axb6 10. O-O h6 11. h3 b5 12. a3 Be7 13. Ne5 Nxe5 14. Bxe5 O-O 15.
Rac1 Nd7 16. Bg3 Nb6 17. Bd1 Na4 18. Bxa4 bxa4 19. Rfe1 Bd3 20. e4 dxe4 21.
Nxe4 Ra6 22. Rcd1 Rb6 23. Rd2 Rc8 24. f3 Rcc6 25. Nf2 Bg6 26. d5 Rc5 27. Nd1
Rcb5 28. Bc7 Ra6 29. d6 Bg5 30. d7 Ra8 31. d8=Q+ Rxd8 32. Rxd8+ Bxd8 33. Bxd8
Kf8 34. Bc7 Ke7 35. Re5 Rxe5 36. Bxe5 f6 37. Bd4 Kd6 38. Nf2 e5 39. Bb6 f5 40.
Kf1 Be8 41. Ba5 h5 42. g3 b5 43. Ke2 g6 44. f4 exf4 45. gxf4 Bc6 46. Ke3 Kd5
47. Kf3 Be8 48. Kg3 Ke6 49. Kh4 Kf7 50. Kg5 Ke6 51. Nd1 Kd5 52. Ne3+ Ke4 53.
Ng2 Kd3 54. Nh4 1-0

[Event "DVM U16 2014"]
[Site "Magdeburg GER"]
[Date "2014.12.29"]
[Round "6"]
[White "Topaj, Dan"]
[Black "Gula, Julian"]
[Result "0-1"]
[Termination "normal"]
[Board "8.4"]
[WhiteElo "1379"]
[BlackElo "1627"]
[WhiteTeam "SV Empor Berlin"]
[BlackTeam "VfSuF Düsseldorf-Süd"]
[PlyCount "78"]
[WhiteFideId "24693979"]
[BlackFideId "12954799"]
[EventCountry "GER"]
[EventRounds "7"]
[EventType "team-swiss"]
[EventDate "2014.12.26"]

1. Nf3 Nf6 2. g3 g6 3. Bg2 Bg7 4. d3 O-O 5. c3 d6 6. Nbd2 e5 7. Qc2 Nc6 8. b4
a6 9. a4 Nd7 10. Bb2 Ne7 11. O-O h6 12. e4 f5 13. Qb3+ Kh7 14. c4 f4 15. d4 g5
16. dxe5 dxe5 17. h3 Ng6 18. c5 h5 19. g4 hxg4 20. hxg4 Bh6 21. Ne1 Nf6 22. Nc4
Bxg4 23. f3 Be6 24. Nd3 g4 25. Ndxe5 Nxe5 26. Bxe5 g3 27. Rfd1 Nd7 28. Bb2 Qh4
29. Rd2 Qh2+ 30. Kf1 Bh3 31. Bxh3 Qxh3+ 32. Ke2 g2 33. Rg1 Rae8 34. e5 Nf6 35.
Qd3+ Kh8 36. Qg6 Qh4 37. Rxg2 Rg8 38. Qxf6+ Qxf6 39. Rxg8+ Kxg8 0-1

[Event "DVM U16 2014"]
[Site "Magdeburg GER"]
[Date "2014.12.29"]
[Round "6"]
[White "Wiesner, Alexander"]
[Black "Grieb, Lukas"]
[Result "1/2-1/2"]
[Termination "normal"]
[Board "9.2"]
[WhiteElo "1799"]
[BlackElo "1615"]
[WhiteTeam "Karlsruher SF 1853"]
[BlackTeam "SK Gau-Algesheim"]
[PlyCount "100"]
[WhiteFideId "12943991"]
[BlackFideId "1271993"]
[EventCountry "GER"]
[EventRounds "7"]
[EventType "team-swiss"]
[EventDate "2014.12.26"]

1. b3 e5 2. Bb2 Nc6 3. e3 Bc5 4. Bb5 d6 5. Ne2 a6 6. Bxc6+ bxc6 7. O-O Nf6 8.
d4 exd4 9. exd4 Ba7 10. c4 O-O 11. Qc2 Re8 12. Ng3 Bd7 13. c5 Qe7 14. b4 Nd5
15. a3 a5 16. Bc3 Reb8 17. Qd2 Qh4 18. Re1 f5 19. Nf1 f4 20. f3 g5 21. g3 Qh3
22. Ra2 h5 23. Rc2 Kh8 24. Rcc1 h4 25. Re2 hxg3 26. hxg3 fxg3 27. Rg2 g4 28.
Rxg3 Qh4 29. Rc2 Bf5 30. Rb2 Bxb1 31. Rxb1 Rg8 32. Rb2 gxf3 33. Qh2 Rxg3+ 34.
Nxg3 Qxh2+ 35. Rxh2+ Kg8 36. Ne4 Re8 37. Rh4 Nxc3 38. Nf6+ Kf7 39. Nxe8 Kxe8
40. Rh8+ Kd7 41. Ra8 axb4 42. Rxa7 bxa3 43. Rxa3 Ne2+ 44. Kf2 Nxd4 45. Rc3 dxc5
46. Rxc5 Kd6 47. Rc3 c5 48. Ke3 Kd5 49. Rc1 c4 50. Rd1 c5 1/2-1/2

[Event "DVM U16 2014"]
[Site "Magdeburg GER"]
[Date "2014.12.29"]
[Round "6"]
[White "Erlekam, Simon"]
[Black "Joeres, Stefan"]
[Result "1-0"]
[Termination "normal"]
[Board "9.3"]
[WhiteElo "1846"]
[BlackElo "1653"]
[WhiteTeam "SK Gau-Algesheim"]
[BlackTeam "Karlsruher SF 1853"]
[PlyCount "81"]
[WhiteFideId "12921416"]
[BlackFideId "12983160"]
[EventCountry "GER"]
[EventRounds "7"]
[EventType "team-swiss"]
[EventDate "2014.12.26"]

1. e4 c5 2. Nf3 Nc6 3. d4 cxd4 4. Nxd4 g6 5. Nc3 Bg7 6. Be3 Nf6 7. Be2 O-O 8.
Qd2 d5 9. exd5 Nxd5 10. Nxd5 Qxd5 11. Bf3 Qd6 12. Nxc6 bxc6 13. c3 Bb7 14. O-O
Qxd2 15. Bxd2 Rfd8 16. Rad1 e6 17. Be3 a6 18. Bb6 Rxd1 19. Rxd1 Kf8 20. Rd7 Bc8
21. Bxc6 Bxd7 22. Bxa8 Bb5 23. f3 Ke7 24. Kf2 Kd6 25. Bd4 e5 26. Be3 h5 27. b3
Bc6 28. Bxc6 Kxc6 29. c4 Bf8 30. Ke2 f5 31. Kd3 Bd6 32. h3 Bb4 33. g4 Kd6 34.
Ke2 e4 35. fxe4 hxg4 36. hxg4 Ke5 37. exf5 gxf5 38. g5 f4 39. Bd2 Bf8 40. Kf3
Kf5 41. Bxf4 1-0

[Event "DVM U16 2014"]
[Site "Magdeburg GER"]
[Date "2014.12.29"]
[Round "6"]
[White "Joeres, Roman"]
[Black "Jusman, Jesse Samuel"]
[Result "1/2-1/2"]
[Termination "normal"]
[Board "9.4"]
[WhiteElo "1454"]
[BlackElo "1253"]
[WhiteTeam "Karlsruher SF 1853"]
[BlackTeam "SK Gau-Algesheim"]
[PlyCount "81"]
[WhiteFideId "12964816"]
[BlackFideId "12926043"]
[EventCountry "GER"]
[EventRounds "7"]
[EventType "team-swiss"]
[EventDate "2014.12.26"]

1. d4 d5 2. c4 c6 3. Nf3 Nf6 4. Nc3 e6 5. b3 Nbd7 6. e3 Bd6 7. Bd3 O-O 8. O-O
e5 9. dxe5 Nxe5 10. Nxe5 Bxe5 11. Bb2 Re8 12. Qe2 d4 13. exd4 Bxh2+ 14. Kxh2
Rxe2 15. Bxe2 Qxd4 16. Rad1 Qh4+ 17. Kg1 Ng4 18. Bxg4 Bxg4 19. Rd4 Rd8 20. g3
Qg5 21. Ne4 Qe7 22. Ba3 Qc7 23. Bd6 Qc8 24. f3 Bf5 25. Rfd1 Bxe4 26. Rxe4 f5
27. Re7 Re8 28. Rde1 Rxe7 29. Rxe7 Qd8 30. c5 b6 31. b4 a5 32. a3 bxc5 33. bxc5
h6 34. g4 fxg4 35. fxg4 Qc8 36. Re4 Kf7 37. Kg2 Kg6 38. Kg3 h5 39. gxh5+ Kxh5
40. Re5+ Kh6 41. Kh4 1/2-1/2

[Event "DVM U16 2014"]
[Site "Magdeburg GER"]
[Date "2014.12.29"]
[Round "6"]
[White "Mao, Yvonne"]
[Black "Thieu, Nguyen Gia Luat"]
[Result "0-1"]
[Termination "normal"]
[Board "10.1"]
[WhiteElo "1544"]
[BlackElo "1677"]
[WhiteTeam "SK 1980 Gernsheim"]
[BlackTeam "SK Lehrte"]
[PlyCount "124"]
[WhiteFideId "12942561"]
[BlackFideId "12934321"]
[EventCountry "GER"]
[EventRounds "7"]
[EventType "team-swiss"]
[EventDate "2014.12.26"]

1. e4 c5 2. Nf3 Nc6 3. c4 g6 4. d4 cxd4 5. Nxd4 Bg7 6. Be3 Nf6 7. Nc3 O-O 8.
Be2 d6 9. f3 Bd7 10. O-O a5 11. Bf2 Nxd4 12. Bxd4 Bc6 13. Rc1 Nd7 14. Bxg7 Kxg7
15. Kh1 a4 16. Qd4+ Kg8 17. Rfd1 Qa5 18. Qd3 Qc5 19. Qd2 Qa5 20. Bf1 Rfc8 21.
Be2 Qb4 22. Qc2 Ne5 23. Rd4 b5 24. Nb1 bxc4 25. Bxc4 Qb6 26. Rcd1 Bb5 27. Na3
Bxc4 28. Nxc4 Nxc4 29. Rxc4 Rxc4 30. Qxc4 Qxb2 31. Qc6 Qb8 32. h3 Ra7 33. Rc1
a3 34. Qc3 Qb2 35. Qc8+ Kg7 36. Qc4 Rb7 37. Rc2 Qa1+ 38. Rc1 Qb2 39. Rc2 Qa1+
40. Rc1 Rb1 41. Rxb1 Qxb1+ 42. Kh2 Qb2 43. Qd5 Qe5+ 44. Qxe5+ dxe5 45. Kg3 Kf6
46. h4 Ke6 47. Kf2 Kd6 48. Ke2 Kc5 49. Kd3 Kb4 50. Kd2 Kc4 51. Kc2 e6 52. g4 f6
53. h5 gxh5 54. gxh5 h6 55. Kd2 f5 56. Kc2 f4 57. Kd2 Kd4 58. Ke2 Kc3 59. Kd1
Kd3 60. Ke1 Ke3 61. Kf1 Kxf3 62. Kg1 Ke2 0-1

[Event "DVM U16 2014"]
[Site "Magdeburg GER"]
[Date "2014.12.29"]
[Round "6"]
[White "Le, Kim Anh"]
[Black "Klein, Florian"]
[Result "0-1"]
[Termination "normal"]
[Board "10.3"]
[WhiteElo "1269"]
[BlackElo "1661"]
[WhiteTeam "SK 1980 Gernsheim"]
[BlackTeam "SK Lehrte"]
[PlyCount "36"]
[WhiteFideId "12947342"]
[BlackFideId "12928810"]
[EventCountry "GER"]
[EventRounds "7"]
[EventType "team-swiss"]
[EventDate "2014.12.26"]

1. e4 c5 2. Nf3 Nc6 3. d4 cxd4 4. Nxd4 g6 5. Be3 Bg7 6. Qd2 Nf6 7. Nc3 O-O 8.
O-O-O Ng4 9. Nxc6 bxc6 10. Bd4 Bh6 11. f4 e5 12. Be3 Nxe3 13. Qxe3 Bxf4 14. Rd3
Bxe3+ 15. Rxe3 Qg5 16. Kd2 Rd8 17. h4 Qh6 18. Rhh3 d5 0-1

[Event "DVM U16 2014"]
[Site "Magdeburg GER"]
[Date "2014.12.29"]
[Round "6"]
[White "Koepp, Jan"]
[Black "Rothermel, Henrik"]
[Result "1-0"]
[Termination "normal"]
[Board "10.4"]
[WhiteElo "1581"]
[BlackElo "1447"]
[WhiteTeam "SK Lehrte"]
[BlackTeam "SK 1980 Gernsheim"]
[PlyCount "59"]
[WhiteFideId "12965090"]
[BlackFideId "12947369"]
[EventCountry "GER"]
[EventRounds "7"]
[EventType "team-swiss"]
[EventDate "2014.12.26"]

1. e4 e5 2. Nf3 Nc6 3. Bc4 Bc5 4. d3 d6 5. Bg5 f6 6. Be3 Bb6 7. Nc3 Bg4 8. h3
Bd7 9. O-O Nge7 10. a3 Nd4 11. Nd5 Nxd5 12. Bxd5 c6 13. Ba2 Be6 14. Bxd4 Bxa2
15. Bxb6 Qxb6 16. Rxa2 O-O-O 17. Nd2 Rdf8 18. Nc4 Qc7 19. Qg4+ Kb8 20. b4 Qf7
21. Rb2 h5 22. Qf3 Qe7 23. Ne3 g6 24. c4 c5 25. bxc5 dxc5 26. Rfb1 b6 27. a4
Rd8 28. Nd5 Qd7 29. a5 Rdf8 30. axb6 1-0

[Event "DVM U16 2014"]
[Site "Magdeburg GER"]
[Date "2014.12.30"]
[Round "7"]
[White "Ehmann, Thilo"]
[Black "Beeck, Mats"]
[Result "1-0"]
[Termination "normal"]
[Board "1.1"]
[WhiteElo "2072"]
[BlackElo "2127"]
[WhiteTeam "SF Sasbach"]
[BlackTeam "SK Doppelbauer Kiel"]
[PlyCount "71"]
[WhiteFideId "12940968"]
[BlackFideId "12936944"]
[EventCountry "GER"]
[EventRounds "7"]
[EventType "team-swiss"]
[EventDate "2014.12.26"]

1. e4 c5 2. Nf3 Nc6 3. d4 cxd4 4. Nxd4 Nf6 5. f3 e5 6. Nb5 d6 7. c4 a6 8. N5c3
Be7 9. Be3 O-O 10. Qd2 Be6 11. Na3 Rc8 12. Be2 Nd7 13. O-O f5 14. exf5 Rxf5 15.
f4 exf4 16. Bxf4 Nde5 17. Nd5 Bf8 18. Nc2 b5 19. Nce3 Rf7 20. cxb5 axb5 21.
Bxb5 Na5 22. Rac1 Rxc1 23. Rxc1 Ng6 24. Bg3 Qg5 25. Re1 Nb7 26. Be8 Nc5 27.
Bxf7+ Bxf7 28. Qd4 h5 29. b4 Ne6 30. Qe4 h4 31. Bf2 Ne5 32. Bxh4 Qh5 33. Bg3
Ng5 34. Qc2 Bg6 35. Qb3 Kh8 36. Nf4 1-0

[Event "DVM U16 2014"]
[Site "Magdeburg GER"]
[Date "2014.12.30"]
[Round "7"]
[White "Pluska, Alexander"]
[Black "Riehle, Marco"]
[Result "1-0"]
[Termination "normal"]
[Board "1.2"]
[WhiteElo "1917"]
[BlackElo "2034"]
[WhiteClock "00:20:21"]
[BlackClock "00:36:45"]
[WhiteTeam "SK Doppelbauer Kiel"]
[BlackTeam "SF Sasbach"]
[PlyCount "107"]
[WhiteFideId "12975141"]
[BlackFideId "12904392"]
[EventCountry "GER"]
[EventRounds "7"]
[EventType "team-swiss"]
[EventDate "2014.12.26"]

1. c4 c5 2. Nf3 Nf6 3. g3 d5 4. cxd5 Nxd5 5. Bg2 Nc6 6. Nc3 Nc7 7. O-O e5 8. d3
Be7 9. Be3 O-O 10. Nd2 Bd7 11. Rc1 Rc8 12. Nce4 b6 13. Nc4 Be6 14. Nxc5 bxc5
15. Bxc6 Nd5 16. Qa4 Nxe3 17. Nxe3 Qb6 18. Bd7 Bxd7 19. Qxd7 Bg5 20. Nc4 Qa6
21. Rc3 Rfd8 22. Qf5 Bf6 23. Ra3 Qb7 24. Rc1 Rc7 25. Rcc3 Qc6 26. Qe4 Qe8 27.
e3 g6 28. Nd2 Bg7 29. Ra5 Qe7 30. Nb3 Rdc8 31. Qd5 Bf8 32. Nd2 Rd7 33. Qc4 Qd8
34. Rca3 Qb6 35. Ne4 Be7 36. b3 Kg7 37. Ra6 Qb8 38. R3a5 Qb7 39. Rxa7 Qxa7 40.
Rxa7 Rxa7 41. b4 Rac7 42. b5 f5 43. Nc3 Rd7 44. Nd5 Rcd8 45. Nxe7 Rxe7 46. Qxc5
Kf7 47. a4 g5 48. a5 Ke6 49. a6 f4 50. a7 Ree8 51. b6 f3 52. b7 Rxd3 53. Qc4+
Ke7 54. Qxd3 1-0

[Event "DVM U16 2014"]
[Site "Magdeburg GER"]
[Date "2014.12.30"]
[Round "7"]
[White "Bohnert, Dominik"]
[Black "Wanner, Lukas"]
[Result "1/2-1/2"]
[Termination "normal"]
[Board "1.3"]
[WhiteElo "2054"]
[BlackElo "1892"]
[WhiteClock "00:01:51"]
[BlackClock "00:01:52"]
[WhiteTeam "SF Sasbach"]
[BlackTeam "SK Doppelbauer Kiel"]
[PlyCount "85"]
[WhiteFideId "12918075"]
[BlackFideId "12918148"]
[EventCountry "GER"]
[EventRounds "7"]
[EventType "team-swiss"]
[EventDate "2014.12.26"]

1. b3 d5 2. Bb2 Nf6 3. e3 g6 4. f4 Bg7 5. Nf3 O-O 6. Be2 c5 7. O-O Nc6 8. Qe1
e6 9. h3 Ne4 10. Bxg7 Kxg7 11. d3 Nd6 12. Qc3+ Qf6 13. Qxf6+ Kxf6 14. Kf2 Ke7
15. Nbd2 b6 16. c3 Ba6 17. g4 f6 18. d4 Bxe2 19. Kxe2 Rac8 20. Rac1 f5 21. g5
Ne4 22. Nxe4 dxe4 23. Ne5 Nxe5 24. dxe5 Rfd8 25. Rfd1 Rxd1 26. Rxd1 Rd8 27. b4
Rxd1 28. Kxd1 Kd7 29. Kc2 cxb4 30. cxb4 Kc6 31. a4 Kc7 32. Kc3 Kd7 33. Kc4 Kc6
34. Kd4 Kc7 35. a5 Kc6 36. Kc4 Kc7 37. Kb5 Kb7 38. h4 a6+ 39. Kc4 b5+ 40. Kc3
Kc6 41. Kd4 Kd7 42. Kc3 Kc6 43. Kd4 1/2-1/2

[Event "DVM U16 2014"]
[Site "Magdeburg GER"]
[Date "2014.12.30"]
[Round "7"]
[White "Rieper, Julian"]
[Black "Zimmer, Raphael"]
[Result "1-0"]
[Termination "normal"]
[Board "1.4"]
[WhiteElo "1711"]
[BlackElo "1842"]
[WhiteClock "00:54:06"]
[BlackClock "00:55:26"]
[WhiteTeam "SK Doppelbauer Kiel"]
[BlackTeam "SF Sasbach"]
[PlyCount "109"]
[WhiteFideId "12936960"]
[BlackFideId "12978841"]
[EventCountry "GER"]
[EventRounds "7"]
[EventType "team-swiss"]
[EventDate "2014.12.26"]

1. c4 c5 2. g3 Nf6 3. Bg2 d5 4. cxd5 Nxd5 5. Nc3 Nc7 6. e3 Nc6 7. a3 e5 8. Nge2
Be6 9. O-O Be7 10. f4 Nd5 11. fxe5 Nxe5 12. d4 Nc4 13. Qa4+ Kf8 14. Qxc4 Nxe3
15. Qxe6 Nxf1 16. Qe4 cxd4 17. Nxd4 Bc5 18. Nce2 Qf6 19. Bxf1 Re8 20. Qf4 Qxf4
21. Bxf4 Rxe2 22. Bxe2 Bxd4+ 23. Kg2 Ke7 24. Rb1 Rc8 25. Bd3 Kf6 26. Kf3 b6 27.
Rc1 Rd8 28. Rc6+ Ke7 29. Rc7+ Rd7 30. Rxd7+ Kxd7 31. Bb5+ Ke7 32. b3 Bc5 33. a4
f6 34. Bb8 a5 35. Bf4 f5 36. Be3 Kf6 37. Bxc5 bxc5 38. h4 g6 39. g4 h6 40. gxf5
Kxf5 41. Bd3+ Ke5 42. Bxg6 c4 43. bxc4 Kd4 44. Bd3 Kc5 45. Ke4 Kb4 46. Kd5 Kxa4
47. c5 Kb4 48. c6 a4 49. c7 a3 50. c8=Q a2 51. Qc1 a1=Q 52. Qxa1 h5 53. Qb2+
Ka4 54. Kc5 Ka5 55. Qa3# 1-0